000
00323nam a2200133Ia 4500
008
150201s1994 xx 000 0 und d
082
_a
616
_b
I94M
100
_a
MAEBIS , R.M.
245
_a
INTRODUCTION TO CLINICAL MEDICINE
260
_b
LITLLE BROWN
_a
BOSTON
_c
1994
300
_a
305
650
_a
NURSING
942
_2
ddc
_c
BK
999
_c
1902
_d
1902